Normal view
MARC view
Entry Personal Name
001 - CONTROL NUMBER
- control field: 4324
003 - CONTROL NUMBER IDENTIFIER
- control field: ARRUPE
005 - DATE AND TIME OF LATEST TRANSACTION
- control field: 20131127171410.0
008 - FIXED-LENGTH DATA ELEMENTS
- fixed length control field: 131127|| aca||aabn | a|a d
040 ## - CATALOGING SOURCE
- Original cataloging agency: ARRUPE
- Transcribing agency: ARRUPE
100 ## - HEADING--PERSONAL NAME
- Personal name: Niantié Lou, G.
- Fuller form of name: (Goley)
670 ## - SOURCE DATA FOUND
- Source citation: Work cat.: (ARRUPE)0: Niantié Lou, G. (Goley), Gagné-gagné, perdu-perdu :, c1999.